000 00917nam a22003017a 4500
999 _c14557
_d14557
003 MIRAKIL
005 20211019121919.0
008 211019b tu ||||| |||| 00| 0 tur d
020 _a975160303X
035 _a15532
040 _aTR-AnCHP
_btur
_cTR-AnCHP
041 _atur
082 _a956.1024
_bL38m 1991
100 _aLewis, Bernard
245 _aModern Türkiye'nin doğuşu/
_cBernard Lewis; ingilizceden çeviren Metin Kıratlı
250 _a4.bs.
260 _aAnkara:
_bTürk Tarih Kurumu Basımevi,
_c1991.
300 _axvı, 541 s.
_bhrt.
_c23 sm.
490 _aAKDTYK Türk Tarih Kurumu Yayınları
_vIV
504 _aKaynakça ve dizin var.
650 _aTürkiye Tarihi
651 _aTürkiye
_xTarih
_yModern Türkiye
651 _aTürkiye
_xTarih
_yKurtuluş Savaşı
651 _aTürkiye
_xTarih
_y20. yüzyıl
700 _aKıratlı, Metin
942 _2ddc
_cBKS
999 _d14557